000 00800nam a2200277 i 4500
001 C2-0108274
003 PPAK
005 20180727102438.0
008 970619s1995 my a|||| ||||| | may d
020 _a9830550567
040 _aPPAK
_beng
_cPPAK
_erda
082 0 4 _a307.7609
_223
090 0 0 _a307.7609
_bFAR
_dK
100 0 _aFaridah Taib,
_eauthor
245 1 0 _aBandar-bandar di Kedah, Perlis dan Pulau Pinang
264 1 _aPetaling Jaya, Selangor :
_bPenerbit Pinang ,
_c1995
300 _a34 pages :
_bcolour illustrations ;
_c21 cm
336 _2rdacontent
_atext
337 _2rdamedia
_aunmediated
338 _2rdacarrier
_avolume
490 1 _aSiri bandar-bandar utama
650 1 0 _aTowns - Malaysia
700 _eauthor
830 0 _aSiri bandar-bandar utama
942 _ddc
_cB
999 _c26608
_d26608